000 00655 a2200181 4500
999 _c1158
_d1158
020 _a9781111058852
050 _aHF1017 WEI 2011
100 _aWeiers, Ronald M.
_eauthor
245 _aIntroductory business statistics /
_cRonald M. Weiers
250 _a7th ed.
264 _aBelmont, CA :
_bSouth-Western Cengage Learning,
_c2011
300 _axxii, 806, A36, B4, I15p. :
_bill. (col.)
500 _aStatistics command summary (1 leaf) laid in Includes bibliographical references and index
650 _aCommercial statistics
700 _aGray, Brian J.
_eauthor
700 _aPeters, Lawrence H.
_eauthor
942 _2lcc
_cBK
_e7th ed.
_h1017
_iWEI
_kHF